| 000 | 00000nas 2200000zi 4500 |
| 001 | 9.939179 |
| 003 | CaOODSP |
| 005 | 20240628095548 |
| 006 | m o d f |
| 007 | cr ||||||||||| |
| 008 | 240610d1986199uoncgr p o f0###b0fre|d |
| 022 | |y0832-9176 |
| 040 | |aCaOODSP|bfre|erda|cCaOODSP |
| 041 | |aeng|afre |
| 043 | |an-cn--- |
| 086 | 1 |aEn21-32-PDF |
| 245 | 00|aCanadian sources of environmental information = |bSources canadiennes d'information sur l'environnement. |
| 246 | 11|aSources canadiennes d'information sur l'environnement |
| 264 | 1|a[Ottawa] : |bEnvironment Canada, Information Holdings Management Branch = Environnement Canada, Direction de la gestion des fonds de renseignements, |c[1987-1991?] |
| 310 | |aBiennal |
| 336 | |atexte|btxt|2rdacontent/fre |
| 337 | |ainformatique|bc|2rdamedia/fre |
| 338 | |aressource en ligne|bcr|2rdacarrier/fre |
| 362 | 1 |aParaît depuis : 1986. |
| 500 | |aÉdition numérisée de l’imprimé [par Environnement et Changement climatique Canada]. |
| 546 | |aTexte en anglais et en français. |
| 588 | |aDescription d'après: 1990. |
| 588 | |aDernière livraison consultée : 1990. |
| 650 | 6|aPollution|xRecherche|zCanada|vRépertoires. |
| 650 | 6|aEnvironnement|xProtection|zCanada|vRépertoires. |
| 650 | 6|aConseillers en environnement|zCanada|vRépertoires. |
| 655 | 7|aRépertoires|2rvmgf |
| 710 | 1 |aCanada. |bEnvironnement Canada, |eorganisme de publication. |
| 791 | |tCanadian sources of environmental information = |eeng|w(CaOODSP)9.939177 |